[Event "Monarch Assurance Isle of Man 14th"]
[Site "Port Erin IOM"]
[Date "2005.09.28"]
[Round "5.26"]
[White "Peric, Slavisa"]
[Black "Greet, Andrew N"]
[Result "0-1"]
[WhiteElo "2280"]
[BlackElo "2425"]
[PlyCount "86"]
[EventDate "2005.09.24"]
[EventType "swiss"]
[EventRounds "9"]
[EventCountry "IOM"]

1. d4 Nf6 2. Nf3 e6 3. c4 b6 4. g3 Ba6 5. Qb3 d5 6. cxd5 Qxd5 7. Qxd5 Nxd5 8.
a3 c5 9. e4 Nf6 10. Nc3 Bb7 11. Bg5 Nbd7 12. Bxf6 gxf6 13. d5 Bd6 14. Bb5 Rd8
15. O-O-O {(=)} Ke7 16. Rhe1 Ne5 17. Nd2 Ng4 18. Re2 Nxh2 19. f4 Ng4 20. Nc4
Bb8 21. Red2 a6 22. Bc6 Bxc6 23. dxc6 Rxd2 24. Rxd2 Rd8 25. Nxb6 Rxd2 26. Kxd2
Kd6 27. Nc4+ Kxc6 28. Ke2 Bc7 29. Kf3 Nh6 30. g4 Ng8 31. a4 Ne7 32. f5 Kd7 33.
a5 Nc6 34. Na4 Nd4+ 35. Ke3 Kc6 36. Kd3 Nb3 37. Kc3 Nxa5 38. Nxc5 Kxc5 39. b4+
Kb5 40. bxa5 Bxa5+ 41. Kd3 Bc7 42. Na3+ Kc5 43. Nc2 Be5 0-1

[Event "Monarch Assurance Isle of Man 14th"]
[Site "Port Erin IOM"]
[Date "2005.09.28"]
[Round "5.27"]
[White "Zude, Erik"]
[Black "Spence, David J"]
[Result "1-0"]
[WhiteElo "2424"]
[BlackElo "2218"]
[PlyCount "63"]
[EventDate "2005.09.24"]
[EventType "swiss"]
[EventRounds "9"]
[EventCountry "IOM"]

1. Nf3 Nf6 2. c4 b6 3. g3 Bb7 4. Bg2 c5 5. O-O e6 6. Nc3 Be7 7. b3 O-O 8. Bb2
d6 9. e3 a6 10. Qe2 Qc7 11. d4 Ne4 12. d5 Nxc3 13. Bxc3 exd5 14. cxd5 Bxd5 15.
Rad1 Bc6 16. Nh4 f5 17. Qc4+ Kh8 18. Qe6 Bxg2 19. Nxf5 Rxf5 20. Qxf5 Bf6 21.
Rxd6 Qxd6 22. Bxf6 gxf6 23. Qc8+ Kg7 24. Qg4+ Kf8 25. Rd1 Qc7 26. Kxg2 Qc6+ 27.
Kg1 Ra7 28. Rd8+ Ke7 29. Rxb8 Rd7 30. Qg7+ Kd6 31. Qxf6+ Kc7 32. Rc8+ 1-0

[Event "Monarch Assurance Isle of Man 14th"]
[Site "Port Erin IOM"]
[Date "2005.09.28"]
[Round "5.28"]
[White "Grant, Alan"]
[Black "Kolbus, Dietmar"]
[Result "0-1"]
[WhiteElo "2152"]
[BlackElo "2416"]
[PlyCount "60"]
[EventDate "2005.09.24"]
[EventType "swiss"]
[EventRounds "9"]
[EventCountry "IOM"]

1. e3 Nf6 2. f4 d5 3. Nf3 g6 4. Be2 Bg7 5. O-O O-O 6. d3 c5 7. Ne5 Nfd7 8. Nxd7
Bxd7 9. Bf3 Bc6 10. e4 Na6 11. Qe2 Nc7 12. e5 f6 13. exf6 Rxf6 14. g3 Qd6 15.
Nc3 Rf7 16. Bd2 Ne6 17. Qg2 Rd8 18. Rae1 Nd4 19. Bd1 e5 20. fxe5 Rxf1+ 21. Rxf1
Bxe5 22. b3 Nxc2 23. Bxc2 Bd4+ 24. Rf2 Bxc3 25. Bf4 Be5 26. d4 cxd4 27. Qf3
Bxf4 28. Qxf4 Qxf4 29. Rxf4 Re8 30. Bd3 Re1+ 0-1

[Event "Monarch Assurance Isle of Man 14th"]
[Site "Port Erin IOM"]
[Date "2005.09.28"]
[Round "5.29"]
[White "Dworakowska, Joanna"]
[Black "Fairbairn, Stephen"]
[Result "1-0"]
[WhiteElo "2401"]
[BlackElo "2065"]
[PlyCount "92"]
[EventDate "2005.09.24"]
[EventType "swiss"]
[EventRounds "9"]
[EventCountry "IOM"]

1. e4 g6 2. d4 d6 3. Nc3 Bg7 4. f4 a6 5. Nf3 b5 6. Bd3 Nd7 7. e5 c5 8. Be4 Rb8
9. Be3 Bb7 10. Bxb7 Rxb7 11. dxc5 Nxc5 12. Bxc5 dxc5 13. Qxd8+ Kxd8 14. O-O-O+
Kc8 15. Ng5 Nh6 16. Nce4 c4 17. Rd5 Rd7 18. Rxd7 Kxd7 19. Nc5+ Kc6 20. Nxa6 Ng4
21. Nxf7 Rf8 22. e6 Ne3 23. Nb4+ Kc5 24. c3 Nxg2 25. f5 Nf4 26. Rf1 g5 27. Rd1
Bf6 28. Nh6 Bg7 29. Nf7 Bf6 30. Rd7 h5 31. Nd8 g4 32. Rc7+ Kd6 33. Rc8 Rxd8 34.
Rxd8+ Ke5 35. Rb8 Kxf5 36. Rxb5+ Kxe6 37. Nc2 h4 38. Ne3 g3 39. hxg3 hxg3 40.
a4 Kd7 41. a5 Kc6 42. a6 Ne6 43. a7 Nc7 44. Ra5 Kb7 45. Kd2 Bg7 46. Ke2 Bh6 1-0

[Event "Monarch Assurance Isle of Man 14th"]
[Site "Port Erin IOM"]
[Date "2005.09.28"]
[Round "5.30"]
[White "Allen, Keith"]
[Black "Klenburg, Mikhail"]
[Result "1/2-1/2"]
[WhiteElo "2210"]
[BlackElo "2400"]
[PlyCount "51"]
[EventDate "2005.09.24"]
[EventType "swiss"]
[EventRounds "9"]
[EventCountry "IOM"]

1. d4 d6 2. Nf3 Nf6 3. c4 Nbd7 4. Nc3 e5 5. e4 Be7 6. Be2 O-O 7. O-O c6 8. Re1
a6 9. Rb1 Qc7 10. b4 b6 11. Bg5 Re8 12. dxe5 dxe5 13. Qb3 Nf8 14. b5 axb5 15.
Bxf6 gxf6 16. cxb5 Be6 17. Qb2 Ba3 18. Qc2 cxb5 19. Qd3 Red8 20. Nd5 Bxd5 21.
exd5 Bc5 22. Nh4 Ra4 23. Nf5 Rf4 24. Ne3 Qd7 25. Qxb5 Qa7 26. Bc4 1/2-1/2

[Event "Monarch Assurance Isle of Man 14th"]
[Site "Port Erin IOM"]
[Date "2005.09.28"]
[Round "5.31"]
[White "Zozulia, Anna"]
[Black "De Lagontrie, Jean"]
[Result "1-0"]
[WhiteElo "2314"]
[BlackElo "1988"]
[PlyCount "51"]
[EventDate "2005.09.24"]
[EventType "swiss"]
[EventRounds "9"]
[EventCountry "IOM"]

1. e4 e6 2. d4 d5 3. Nd2 Nf6 4. e5 Nfd7 5. Bd3 c5 6. c3 Nc6 7. Ne2 cxd4 8. cxd4
f6 9. exf6 Nxf6 10. O-O Bd6 11. Nf3 O-O 12. Bg5 Bd7 13. Bc2 Be8 14. Ng3 Qc7 15.
Qe2 Bf7 16. Rad1 Rae8 17. a3 e5 18. dxe5 Nxe5 19. Bxf6 Nxf3+ 20. Qxf3 Qxc2 21.
Bxg7 Kxg7 22. Nf5+ Kg8 23. Nxd6 Re6 24. Nxf7 Rxf7 25. Qxd5 Qxb2 26. Qxe6 1-0

[Event "Monarch Assurance Isle of Man 14th"]
[Site "Port Erin IOM"]
[Date "2005.09.28"]
[Round "5.33"]
[White "Adams, Phil"]
[Black "Vitoux, Colomban"]
[Result "1-0"]
[WhiteElo "2138"]
[BlackElo "2264"]
[PlyCount "53"]
[EventDate "2005.09.24"]
[EventType "swiss"]
[EventRounds "9"]
[EventCountry "IOM"]

1. e4 c5 2. Nf3 Nc6 3. Bb5 e6 4. O-O Nge7 5. c3 a6 6. Ba4 d5 7. exd5 Qxd5 8. d4
Bd7 9. Re1 Rd8 10. Na3 b5 11. Bxb5 axb5 12. Nxb5 Rc8 13. c4 Qh5 14. Nd6+ Kd8
15. Ng5 Qxd1 16. Ngxf7+ Kc7 17. Rxd1 Rg8 18. Nxc8 Nf5 19. Nb6 Be8 20. dxc5 Ncd4
21. Bf4+ Kc6 22. Ne5+ Kb7 23. Kf1 g5 24. Bd2 Bxc5 25. Nbd7 Ba7 26. Be3 Bh5 27.
g4 1-0

[Event "Monarch Assurance Isle of Man 14th"]
[Site "Port Erin IOM"]
[Date "2005.09.28"]
[Round "5.34"]
[White "Fox, Pierre"]
[Black "Groffen, Hans"]
[Result "0-1"]
[WhiteElo "1815"]
[BlackElo "2210"]
[PlyCount "62"]
[EventDate "2005.09.24"]
[EventType "swiss"]
[EventRounds "9"]
[EventCountry "IOM"]

1. c4 e5 2. Nc3 Nc6 3. g3 g6 4. Bg2 Bg7 5. Rb1 a5 6. a3 d6 7. d3 Nf6 8. e3 O-O
9. Nge2 Bg4 10. O-O Qd7 11. b4 axb4 12. axb4 Bh3 13. b5 Bxg2 14. Kxg2 Nd8 15.
Nd5 Ne6 16. Nec3 Ng5 17. Nxf6+ Bxf6 18. h4 Qh3+ 19. Kg1 Ne6 20. Ne4 Be7 21. Rb2
f5 22. Ng5 Bxg5 23. hxg5 f4 24. exf4 exf4 25. f3 Qxg3+ 26. Rg2 Qh3 27. Rg4 Rf5
28. Bb2 Rxg5 29. Qe2 Rxg4+ 30. fxg4 Re8 31. Rxf4 Qg3+ 0-1

[Event "Monarch Assurance Isle of Man 14th"]
[Site "Port Erin IOM"]
[Date "2005.09.28"]
[Round "5.35"]
[White "Martin, Katie"]
[Black "Kirschbaum, Gunnar"]
[Result "0-1"]
[WhiteElo "1953"]
[BlackElo "2204"]
[PlyCount "72"]
[EventDate "2005.09.24"]
[EventType "swiss"]
[EventRounds "9"]
[EventCountry "IOM"]

1. e4 d6 2. d4 Nf6 3. Nc3 g6 4. Be3 a6 5. Qd2 b5 6. Bd3 Bb7 7. f3 h6 8. Nge2
Nbd7 9. Nd1 Bg7 10. O-O Kf8 11. a4 bxa4 12. Rxa4 Kg8 13. Ng3 Kh7 14. Nf2 c5 15.
d5 e6 16. dxe6 fxe6 17. f4 d5 18. e5 Ng8 19. c3 Ne7 20. Qc2 Rg8 21. b3 Nf5 22.
Bd2 Kh8 23. Ne2 Bf8 24. g4 Nh4 25. Nh3 c4 26. bxc4 Nc5 27. Rb4 dxc4 28. Bxc4
Nf3+ 29. Rxf3 Bxf3 30. Nd4 Bxg4 31. Nf2 Bf5 32. Qa2 Qh4 33. Nxe6 Nxe6 34. Bxe6
Bxb4 35. Bxg8 Bc5 36. Be1 Rxg8 0-1

[Event "Monarch Assurance Isle of Man 14th"]
[Site "Port Erin IOM"]
[Date "2005.09.28"]
[Round "5.36"]
[White "Hughes, Howard R"]
[Black "Goodger, Martyn"]
[Result "1/2-1/2"]
[WhiteElo "2194"]
[BlackElo "2162"]
[PlyCount "162"]
[EventDate "2005.09.24"]
[EventType "swiss"]
[EventRounds "9"]
[EventCountry "IOM"]

1. Nf3 d6 2. e4 Nf6 3. Nc3 g6 4. d4 Bg7 5. h3 c6 6. a4 O-O 7. Be3 Qa5 8. Bd3
Nbd7 9. O-O e5 10. dxe5 dxe5 11. Bc4 Qb4 12. Qd3 Nc5 13. Qd6 Qxc4 14. Nxe5 Qe6
15. Bxc5 Qxd6 16. Bxd6 Re8 17. Rfe1 Nh5 18. Nf3 Bxc3 19. bxc3 f6 20. a5 Rd8 21.
Rad1 Be6 22. Rd4 Kf7 23. Rb1 Rd7 24. Bc5 Rc7 25. Rdb4 Bc8 26. Rd1 Ng7 27. e5
Ne6 28. Bd6 Rd7 29. exf6 Kxf6 30. Be5+ Ke7 31. Rxd7+ Kxd7 32. Rb1 c5 33. c4 Ke7
34. Kh2 Nd8 35. Bc7 Nc6 36. Ne5 Nb4 37. Nd3 Nxc2 38. Nxc5 Na3 39. Rb4 Nc2 40.
Rb2 Nd4 41. Nxb7 Kd7 42. Be5 Ne6 43. a6 Ke7 44. Bd6+ Kf6 45. Rb3 Nd4 46. Rd3
Nf5 47. Nc5 Nxd6 48. Rxd6+ Ke7 49. Rd2 Rb8 50. Re2+ Kd6 51. Nb7+ Bxb7 52. Rb2
Kc7 53. axb7 Rxb7 54. Ra2 Kb6 55. Kg3 Rc7 56. Ra4 Rc5 57. Rb4+ Kc7 58. Ra4 a5
59. f4 g5 60. Kg4 gxf4 61. Kxf4 Kd6 62. g4 Ke6 63. h4 h5 64. g5 Rf5+ 65. Ke4
Re5+ 66. Kd3 Rf5 67. Ra1 Rf3+ 68. Kd4 Rf4+ 69. Kc5 Rxh4 70. Kb5 Rg4 71. c5 Rxg5
72. Rxa5 h4 73. Ra6+ Kf5 74. Rh6 Kg4 75. Kb6 Rg8 76. c6 h3 77. c7 Kg3 78. Rd6
h2 79. Rd3+ Kg2 80. Rd2+ Kg1 81. Rd8 Rxd8 1/2-1/2

[Event "Monarch Assurance Isle of Man 14th"]
[Site "Port Erin IOM"]
[Date "2005.09.28"]
[Round "5.37"]
[White "Duhayon, Yves"]
[Black "Ruston, Mark"]
[Result "1-0"]
[WhiteElo "2230"]
[BlackElo "2116"]
[PlyCount "76"]
[EventDate "2005.09.24"]
[EventType "swiss"]
[EventRounds "9"]
[EventCountry "IOM"]

1. Nf3 d5 2. d4 Nf6 3. c4 c6 4. Qc2 e6 5. Bg5 Qa5+ 6. Bd2 Qc7 7. g3 Nbd7 8. Bg2
Ne4 9. O-O f5 10. Bf4 Bd6 11. Bxd6 Qxd6 12. Nbd2 O-O 13. e3 Nxd2 14. Nxd2 g5
15. Nf3 Qe7 16. Ne1 Nf6 17. Nd3 Bd7 18. Ne5 Ne4 19. b4 Be8 20. Rab1 a6 21. a4
h5 22. b5 cxb5 23. axb5 axb5 24. cxb5 Nd6 25. b6 Rc8 26. Qe2 Qh7 27. Rfc1 Bb5
28. Qd1 f4 29. Rc5 fxe3 30. fxe3 Bc4 31. Rc1 Qf5 32. Rxc8 Qf2+ 33. Kh1 Rxc8 34.
Qxh5 Qxe3 35. Qg6+ Kf8 36. Rd1 Be2 37. Qf6+ Kg8 38. Qxe6+ Kg7 1-0

[Event "Monarch Assurance Isle of Man 14th"]
[Site "Port Erin IOM"]
[Date "2005.09.28"]
[Round "5.38"]
[White "Smith, Andrew P"]
[Black "Heyl, Thomas"]
[Result "1-0"]
[WhiteElo "2204"]
[BlackElo "2101"]
[PlyCount "59"]
[EventDate "2005.09.24"]
[EventType "swiss"]
[EventRounds "9"]
[EventCountry "IOM"]

1. e4 c5 2. Nf3 e6 3. d4 cxd4 4. Nxd4 a6 5. Bd3 Nf6 6. Qe2 d6 7. O-O Nbd7 8. c4
Qc7 9. b3 b6 10. Bb2 Bb7 11. Nd2 Be7 12. f4 O-O 13. Rae1 e5 14. Nf5 Rfe8 15. g4
Nc5 16. g5 Nfd7 17. fxe5 Nxe5 18. Qh5 Ncxd3 19. Re3 Bxg5 20. Rxd3 f6 21. Rg3 g6
22. Rxg5 fxg5 23. Qxg5 Rf8 24. Ne7+ Kg7 25. Nf3 Rxf3 26. Rxf3 Rf8 27. Nf5+ Kh8
28. Nxd6 Rxf3 29. Qxe5+ Kg8 30. Qh8# 1-0

[Event "Monarch Assurance Isle of Man 14th"]
[Site "Port Erin IOM"]
[Date "2005.09.28"]
[Round "5.39"]
[White "Dunn, Andrew"]
[Black "Bennion, David A"]
[Result "1/2-1/2"]
[WhiteElo "2197"]
[BlackElo "2074"]
[PlyCount "144"]
[EventDate "2005.09.24"]
[EventType "swiss"]
[EventRounds "9"]
[EventCountry "IOM"]

1. d4 Nf6 2. Nf3 g6 3. Bg5 Ne4 4. Bf4 Bg7 5. Nbd2 d5 6. e3 c5 7. c3 Qb6 8. Qb3
Nxd2 9. Nxd2 c4 10. Qxb6 axb6 11. e4 e6 12. Be2 Nc6 13. Bf3 e5 14. dxe5 Nxe5
15. Bxe5 Bxe5 16. exd5 b5 17. O-O O-O 18. Rfe1 Bf4 19. Nf1 Bg5 20. a3 Bf5 21.
Be4 Bd7 22. Rad1 f5 23. Bf3 Rae8 24. Ne3 Re5 25. d6 Bxe3 26. Rxe3 Rxe3 27. fxe3
Bc6 28. d7 Rd8 29. Bxc6 bxc6 30. Rd6 Kf7 31. Kf2 Ke7 32. Rxc6 Rxd7 33. Ke2 Rb7
34. Kf3 Kf7 35. h4 h5 36. g3 Re7 37. a4 bxa4 38. Rxc4 Ra7 39. Kf4 a3 40. bxa3
Rxa3 41. Kg5 Ra7 42. Rc6 Re7 43. Rf6+ Ke8 44. Rxg6 Rxe3 45. Kxf5 Rf3+ 46. Ke4
Rxc3 47. Rg5 Kf7 48. Kf4 Rc4+ 49. Kf3 Rc3+ 50. Kg2 Ra3 51. Rxh5 Kg6 52. Rb5 Kh6
53. Kh3 Rc3 54. h5 Rc4 55. g4 Rc3+ 56. Kh4 Rc4 57. Rb6+ Kg7 58. h6+ Kh7 59. Kh5
Rc5+ 60. g5 Ra5 61. Rf6 Rb5 62. Rf7+ Kg8 63. Re7 Ra5 64. Kg6 Ra6+ 65. Kf5 Ra1
66. g6 Rf1+ 67. Ke6 Re1+ 68. Kd7 Rd1+ 69. Ke8 Rd6 70. h7+ Kh8 71. g7+ Kxh7 72.
Rf7 Kg8 1/2-1/2

[Event "Monarch Assurance Isle of Man 14th"]
[Site "Port Erin IOM"]
[Date "2005.09.28"]
[Round "5.40"]
[White "Henrichsen, Jens"]
[Black "Wademark, Helge"]
[Result "1-0"]
[WhiteElo "2075"]
[BlackElo "2182"]
[PlyCount "47"]
[EventDate "2005.09.24"]
[EventType "swiss"]
[EventRounds "9"]
[EventCountry "IOM"]

1. d4 f5 2. g3 Nf6 3. Bg2 g6 4. c3 c6 5. Qb3 d6 6. Nf3 Qb6 7. Nbd2 Bg7 8. Nc4
Qc7 9. a4 Be6 10. Nxd6+ Qxd6 11. Qxb7 Nd5 12. Qxa8 Qc7 13. Ng5 Bg8 14. O-O h6
15. Nh3 g5 16. a5 a6 17. c4 Nb4 18. Ra4 Nc2 19. Be3 Bh7 20. Bxc6+ Qxc6 21.
Qxb8+ Kf7 22. Qb3 Nxd4 23. Bxd4 Bxd4 24. c5+ 1-0

[Event "Monarch Assurance Isle of Man 14th"]
[Site "Port Erin IOM"]
[Date "2005.09.28"]
[Round "5.41"]
[White "Walther, Cliff"]
[Black "Werner, Gert"]
[Result "0-1"]
[WhiteElo "2175"]
[BlackElo "2047"]
[PlyCount "66"]
[EventDate "2005.09.24"]
[EventType "swiss"]
[EventRounds "9"]
[EventCountry "IOM"]

1. c4 g6 2. g3 Bg7 3. Bg2 e5 4. Nc3 Nc6 5. e3 d6 6. Nge2 Be6 7. d3 Qd7 8. h3 f5
9. b4 Nf6 10. b5 Nd8 11. Rb1 O-O 12. Qb3 c6 13. bxc6 bxc6 14. d4 exd4 15. exd4
d5 16. c5 Ne4 17. f3 Nxc3 18. Qxc3 Nf7 19. h4 Rab8 20. Rxb8 Rxb8 21. Kf2 Rb1
22. Nf4 Nd8 23. Rd1 Qb7 24. Bf1 Qb4 25. Ne2 Qxc3 26. Nxc3 Bxd4+ 27. Rxd4 Rxc1
28. Na4 Rc2+ 29. Ke3 Rxa2 30. Rb4 Kg7 31. Nc3 Ra3 32. Kd4 Kf6 33. Bd3 Bf7 0-1

[Event "Monarch Assurance Isle of Man 14th"]
[Site "Port Erin IOM"]
[Date "2005.09.28"]
[Round "5.42"]
[White "Nicholson, John"]
[Black "Lohou, Stephane"]
[Result "1/2-1/2"]
[WhiteElo "2000"]
[BlackElo "2144"]
[PlyCount "113"]
[EventDate "2005.09.24"]
[EventType "swiss"]
[EventRounds "9"]
[EventCountry "IOM"]

1. e4 c5 2. Nf3 e6 3. c3 Nf6 4. Bd3 d6 5. O-O Be7 6. Bc2 O-O 7. d4 Nc6 8. Qe2
cxd4 9. cxd4 e5 10. d5 Nb4 11. Nc3 Bg4 12. Bd1 Na6 13. h3 Bh5 14. Be3 Nd7 15.
g4 Bg6 16. Kg2 Nac5 17. Bc2 a5 18. Nd2 Bg5 19. Nc4 Bxe3 20. Qxe3 Nb6 21. Nxb6
Qxb6 22. Rab1 Qd8 23. Ne2 h6 24. f3 Qg5 25. Qf2 Qd2 26. Rbc1 Rfc8 27. Nc3 Qxf2+
28. Kxf2 f6 29. Ke3 Be8 30. h4 Bd7 31. Rg1 Rf8 32. g5 fxg5 33. hxg5 h5 34. g6
h4 35. Rg5 {(=)} Rf6 36. Ne2 Raf8 37. Rf1 h3 38. f4 exf4+ 39. Rxf4 h2 40. Rh5
Rxg6 41. Rxh2 Re8 42. Kd2 Rg4 43. Rxg4 Bxg4 44. Nc3 Bd7 45. Ke3 b5 46. Kd4 Re7
47. Rh5 Be8 48. Rg5 b4 49. Ne2 Nd7 50. Ng3 Ne5 51. Ke3 Bd7 52. b3 Rf7 53. Bd1
g6 54. Be2 Kh7 55. Nf1 Kh6 56. Rg1 g5 57. Ng3 1/2-1/2

[Event "Monarch Assurance Isle of Man 14th"]
[Site "Port Erin IOM"]
[Date "2005.09.28"]
[Round "5.43"]
[White "Hickman, John"]
[Black "Fox, Anthony"]
[Result "1-0"]
[WhiteElo "2115"]
[BlackElo "2118"]
[PlyCount "73"]
[EventDate "2005.09.24"]
[EventType "swiss"]
[EventRounds "9"]
[EventCountry "IOM"]

1. Nf3 d5 2. d3 Nf6 3. Nbd2 Nc6 4. g3 e5 5. Bg2 Bc5 6. O-O O-O 7. a3 a5 8. e3
Ba7 9. b3 Re8 10. Bb2 h6 11. h3 Bf5 12. b4 axb4 13. axb4 Nxb4 14. Nxe5 c6 15.
Ndf3 Qc7 16. g4 Bh7 17. h4 Nd7 18. Qd2 Na6 19. Qc3 Nxe5 20. Nxe5 Bb8 21. Nf3 f6
22. Ra4 b5 23. Rf4 b4 24. Qd2 Qd7 25. g5 fxg5 26. hxg5 Bxf4 27. exf4 hxg5 28.
Ne5 Qd6 29. c4 dxc4 30. Nxc4 Qxd3 31. Qc1 Rad8 32. Bxc6 Re2 33. Ne5 Qc2 34. Qa1
Nb8 35. Qa7 Qxb2 36. Bd5+ Rxd5 37. Qxb8+ 1-0

[Event "Monarch Assurance Isle of Man 14th"]
[Site "Port Erin IOM"]
[Date "2005.09.28"]
[Round "5.44"]
[White "Marks, Ian A"]
[Black "Fraser-Mitchell, Jeremy"]
[Result "0-1"]
[WhiteElo "1889"]
[BlackElo "2098"]
[PlyCount "124"]
[EventDate "2005.09.24"]
[EventType "swiss"]
[EventRounds "9"]
[EventCountry "IOM"]

1. d4 d5 2. Bg5 h6 3. Bh4 Bf5 4. e3 c6 5. Bd3 Bxd3 6. Qxd3 Qb6 7. Nc3 Nd7 8.
Nf3 Ngf6 9. O-O e6 10. e4 dxe4 11. Nxe4 Nxe4 12. Qxe4 Bd6 13. c4 Qb4 14. Qc2
O-O 15. Rad1 Rfe8 16. Rfe1 Rac8 17. Re3 b5 18. c5 Bb8 19. a3 Qa5 20. b4 Qa6 21.
Qe2 Qb7 22. Ne5 Nf8 23. Qg4 f5 24. Qh5 Bxe5 25. dxe5 Qf7 26. Qxf7+ Kxf7 27. f4
Rc7 28. Red3 Rec8 29. Kf2 g5 30. Bg3 Ng6 31. Kf3 Ne7 32. fxg5 hxg5 33. h4 gxh4
34. Bxh4 Nd5 35. Rh1 Rh8 36. Rdd1 Kg6 37. Bg3 {(=)} Rxh1 38. Rxh1 Rh7 39. Rxh7
Kxh7 40. Be1 Kg6 41. Bd2 Kh5 42. Kg3 Ne7 43. Bc3 Ng6 44. Kf3 f4 45. Ke4 Kg4 46.
Bd2 Nh4 47. Bxf4 Nxg2 48. Bd2 Nh4 49. Bh6 Nf3 50. a4 a6 51. axb5 axb5 52. Bc1
Ng5+ 53. Ke3 Kf5 54. Ke2 Nf7 55. Ke3 Kxe5 56. Bb2+ Kd5 57. Kd3 Nh6 58. Bc1 Nf5
59. Bb2 e5 60. Bc3 e4+ 61. Ke2 Kc4 62. Be1 Nd4+ 0-1

[Event "Monarch Assurance Isle of Man 14th"]
[Site "Port Erin IOM"]
[Date "2005.09.28"]
[Round "5.45"]
[White "Young, Mel"]
[Black "Hutchinson, Norman A"]
[Result "1/2-1/2"]
[WhiteElo "1971"]
[BlackElo "2097"]
[PlyCount "147"]
[EventDate "2005.09.24"]
[EventType "swiss"]
[EventRounds "9"]
[EventCountry "IOM"]

1. e4 c6 2. d4 d5 3. exd5 cxd5 4. Bd3 Nc6 5. c3 Qc7 6. Ne2 Bg4 7. O-O e5 8.
dxe5 Nxe5 9. Bb5+ Nc6 10. Qxd5 Nf6 11. Qd3 Bd6 12. Bxc6+ bxc6 13. h3 Bh5 14.
Bg5 O-O 15. Bxf6 gxf6 16. Ng3 Bg6 17. Qf3 Bxg3 18. Qxg3 Qb6 19. Nd2 Qxb2 20.
Ne4 Rfd8 21. Rfe1 Qb8 22. Nxf6+ Kh8 23. Qf3 Qb5 24. Ng4 Qf5 25. Qxc6 Rac8 26.
Qb7 Rxc3 27. Qxa7 Rc2 28. Rad1 Rxd1 29. Rxd1 h5 30. Qd4+ Kh7 31. Nf6+ Kh6 32.
Ne8 Re2 33. Nd6 Qe6 34. h4 Kh7 35. a4 Bc2 36. Ra1 Re5 37. Qd2 Bg6 38. Nb5 Re2
39. Qc3 Rc2 40. Qd4 Rc4 41. Qd6 Qe4 42. Qf6 Rxa4 43. Rxa4 Qxa4 44. Nd6 Qc6 45.
Qe5 Qc1+ {(=)} 46. Kh2 Qc7 47. g3 Qb8 48. Qf6 Qh8 49. Qxh8+ Kxh8 50. Kg2 Kg7
51. Kf3 Kf6 52. Kf4 Ke6 53. Nc4 f6 54. Ne3 Bd3 55. Ng2 Bg6 56. Ne1 Bb1 57. Nf3
Kf7 58. Nd4 Kg6 59. Ke3 Ba2 60. Ne2 Kf5 61. f3 Bg8 62. Kd4 Bb3 63. Ke3 Bg8 64.
Nd4+ Ke5 65. g4 hxg4 66. fxg4 Bh7 67. Nf3+ Ke6 68. Kf4 Kf7 69. h5 Bc2 70. Nh4
Kg7 71. Nf5+ Kh7 72. Ke3 Bxf5 73. gxf5 Kg7 74. Kf4 1/2-1/2

[Event "Monarch Assurance Isle of Man 14th"]
[Site "Port Erin IOM"]
[Date "2005.09.28"]
[Round "5.46"]
[White "McKenzie, Mark"]
[Black "Henderikse, Bert"]
[Result "0-1"]
[WhiteElo "1249"]
[BlackElo "2028"]
[PlyCount "64"]
[EventDate "2005.09.24"]
[EventType "swiss"]
[EventRounds "9"]
[EventCountry "IOM"]

1. d4 Nf6 2. c4 c5 3. d5 e5 4. Nc3 d6 5. e4 Be7 6. Nf3 O-O 7. Be2 Nbd7 8. O-O
Ne8 9. Qc2 g6 10. Bh6 Ng7 11. Qd2 Nf6 12. Ne1 Kh8 13. Nd3 Ng8 14. Be3 f5 15. f4
exf4 16. Nxf4 Nf6 17. Qd3 fxe4 18. Nxe4 Bf5 19. Bf3 g5 20. Ne2 g4 21. N2g3 gxf3
22. Nxf5 Nxf5 23. Ng5 Nxe3 24. Rxf3 Neg4 25. h3 Ne5 26. Qc3 Nxf3+ 27. Qxf3 Nxd5
28. Nf7+ Rxf7 29. Qxf7 Nf6 30. Re1 Ng8 31. Re6 Qf8 32. Qh5 Bf6 0-1

[Event "Monarch Assurance Isle of Man 14th"]
[Site "Port Erin IOM"]
[Date "2005.09.29"]
[Round "6.2"]
[White "Areshchenko, Alexander"]
[Black "Postny, Evgeny"]
[Result "1-0"]
[WhiteElo "2625"]
[BlackElo "2559"]
[PlyCount "87"]
[EventDate "2005.09.24"]
[EventType "swiss"]
[EventRounds "9"]
[EventCountry "IOM"]

1. e4 e5 2. Nf3 Nc6 3. Bb5 Nf6 4. d3 d6 5. O-O g6 6. d4 Bd7 7. d5 Nb8 8. Bxd7+
Nbxd7 9. Re1 Nc5 10. b4 Ncxe4 11. Qd3 Bg7 12. Rxe4 Nxe4 13. Qxe4 O-O 14. Bb2 a5
15. b5 b6 16. a4 f5 17. Qc4 g5 18. h3 h6 19. Nbd2 Qd7 20. Re1 Rae8 21. Nf1 Qf7
22. Ng3 Re7 23. Qb3 Ree8 24. c4 Qg6 25. Qd1 Bf6 26. Nd2 Bd8 27. Bc3 Rf7 28. c5
dxc5 29. Nc4 Bf6 30. d6 e4 31. Bxf6 Qxf6 32. dxc7 Rxc7 33. Qd5+ Rf7 34. Nd6 Re5
35. Qxf7+ Qxf7 36. Nxf7 Kxf7 37. Nf1 Rd5 38. Ne3 Rd4 39. Nxf5 Rxa4 40. Nd6+ Kg6
41. Rxe4 Rb4 42. Re6+ Kh7 43. Re7+ Kg8 44. Rb7 1-0

[Event "Monarch Assurance Isle of Man 14th"]
[Site "Port Erin IOM"]
[Date "2005.09.29"]
[Round "6.3"]
[White "Korneev, Oleg"]
[Black "Gormally, Daniel"]
[Result "1/2-1/2"]
[WhiteElo "2594"]
[BlackElo "2557"]
[PlyCount "80"]
[EventDate "2005.09.24"]
[EventType "swiss"]
[EventRounds "9"]
[EventCountry "IOM"]

1. e4 e5 2. Nf3 Nc6 3. Bb5 a6 4. Ba4 Nf6 5. O-O Be7 6. Re1 b5 7. Bb3 O-O 8. h3
d6 9. c3 Bb7 10. d4 Re8 11. Ng5 Rf8 12. Nf3 Re8 13. Nbd2 Bf8 14. a4 Qd7 15. Bc2
h6 16. d5 Ne7 17. b3 c6 18. c4 g6 19. Nf1 cxd5 20. cxd5 Nh5 21. Bd3 Bg7 22.
axb5 axb5 23. Rxa8 Rxa8 24. b4 Nf4 25. Bxf4 exf4 26. Qe2 Ba6 27. N1d2 Re8 28.
Qf1 Qb7 29. Rc1 Rc8 30. Rxc8+ Nxc8 31. Nb3 Na7 32. Nbd4 Qb6 33. Ne2 g5 34. Qc1
Bc8 35. Qa3 Bf6 36. Bc2 Qc7 37. Bd3 Bd7 38. Qa6 Bc8 39. Qa3 Bd7 40. Qa6 Bc8
1/2-1/2

[Event "Monarch Assurance Isle of Man 14th"]
[Site "Port Erin IOM"]
[Date "2005.09.29"]
[Round "6.4"]
[White "Ikonnikov, Vyacheslav"]
[Black "Mikhalevski, Victor"]
[Result "1/2-1/2"]
[WhiteElo "2560"]
[BlackElo "2572"]
[PlyCount "174"]
[EventDate "2005.09.24"]
[EventType "swiss"]
[EventRounds "9"]
[EventCountry "IOM"]

1. d4 Nf6 2. Nf3 g6 3. c4 Bg7 4. Nc3 d5 5. cxd5 Nxd5 6. e4 Nxc3 7. bxc3 c5 8.
Be3 Qa5 9. Qd2 O-O 10. Rc1 Rd8 11. Bh6 cxd4 12. Bxg7 Kxg7 13. cxd4 Nc6 14. Qxa5
Nxa5 15. Kd2 Bg4 16. Ke3 Bxf3 17. gxf3 e6 18. Be2 Rd7 19. Rc5 b6 20. Rc3 Rad8
21. Rd1 Rd6 22. Bb5 a6 23. Bxa6 Nc6 24. Rc4 f5 25. exf5 exf5 26. Bb7 Re8+ 27.
Kf4 Ne7 28. Rc7 Kf6 29. Kg3 Red8 30. Rb1 f4+ 31. Kh3 Re6 32. Rc4 Rd7 33. Be4
Rdd6 34. Kg4 Nd5 35. Rb5 h5+ 36. Kh3 Ne7 37. a4 Kg7 38. Kg2 Kf7 39. h4 Kg7 40.
Kf1 Kf6 41. Ke2 Nf5 42. d5 Re8 43. Rcb4 Rb8 44. Bd3 Nxh4 45. Rxf4+ Nf5 46. Rfb4
Ke5 47. f4+ Kf6 48. Kf1 Ne7 49. Be4 Kf7 50. Kg2 Ra8 51. Rxb6 Rxa4 52. Rxd6 Rxb4
53. f3 Rb2+ 54. Kh3 Rd2 55. Kg3 Kg7 56. Rd7 Kf6 57. Rd6+ Kf7 58. Ra6 Nf5+ 59.
Kh3 Kg7 60. Bxf5 gxf5 61. Rd6 Kf7 62. Kh4 Ke7 63. Re6+ Kf7 64. Kxh5 Rxd5 65.
Re5 Rd1 66. Kg5 Rf1 67. Re3 Rb1 68. Ra3 Rc1 69. Kxf5 Rc5+ 70. Kg4 Rb5 71. Ra6
Rc5 72. Rh6 Ra5 73. Rh5 Ra6 74. Rh7+ Kg6 75. Rb7 Kf6 76. Rb8 Ra5 77. Rf8+ Kg6
78. Re8 Kf6 79. Rh8 Kg6 80. f5+ Kg7 81. Rh4 Ra3 82. Kf4 Ra1 83. Kg5 Rg1+ 84.
Rg4 Rf1 85. f6+ Kf7 86. f4 Ra1 87. Rg2 Ra5+ 1/2-1/2